Statistics for Country by Google Translate Language

Click here to take the quiz!

General Stats

  • This quiz has been taken 45 times
  • The average score is 82 of 102

Answer Stats

Language Country % Correct
AlbanianAlbania
100%
BelarusianBelarus
97%
BosnianBosnia and Herzegovina
97%
AfrikaansSouth Africa
97%
BasqueSpain
97%
BulgarianBulgaria
97%
ArmenianArmenia
97%
AzerbaijaniAzerbaijan
95%
ChineseChina
95%
CatalanSpain
95%
BurmeseMyanmar
95%
BengaliBangladesh
95%
DanishDenmark
92%
CroatianCroatia
92%
DutchNetherlands
92%
CzechCzech Republic
92%
ArabicEgypt
92%
MongolianMongolia
89%
PolishPoland
89%
MalayMalaysia
89%
NorwegianNorway
89%
PortuguesePortugal
89%
LatvianLatvia
89%
LaoLaos
89%
RomanianRomania
89%
LithuanianLithuania
89%
LuxembourgishLuxembourg
89%
MacedonianMacedonia
89%
FilipinoPhilippines
89%
EstonianEstonia
89%
EnglishUnited Kingdom
89%
FrenchFrance
89%
FinnishFinland
89%
SlovakSlovakia
87%
SwedishSweden
87%
MalteseMalta
87%
ThaiThailand
87%
TurkishTurkey
87%
VietnameseVietnam
87%
UkrainianUkraine
87%
MaoriNew Zealand
87%
SerbianSerbia
87%
SpanishSpain
87%
SomaliSomalia
87%
Scots GaelicUnited Kingdom
87%
PersianIran
87%
NepaliNepal
87%
SlovenianSlovenia
87%
RussianRussia
87%
KoreanSouth Korea
87%
GeorgianGeorgia
87%
IcelandicIceland
87%
IndonesianIndonesia
87%
HindiIndia
87%
HawaiianUnited States
87%
GermanGermany
87%
GreekGreece
87%
Haitian CreoleHaiti
87%
IrishIreland
87%
HungarianHungary
87%
JapaneseJapan
87%
ItalianItaly
87%
PunjabiPakistan
84%
TajikTajikistan
84%
HebrewIsrael
84%
UzbekUzbekistan
84%
CorsicanFrance
84%
SamoanSamoa
82%
WelshUnited Kingdom
82%
KazakhKazakhstan
82%
KyrgyzKyrgyzstan
82%
KurdishTurkey
82%
KhmerCambodia
82%
JavaneseIndonesia
79%
SesothoLesotho
76%
ZuluSouth Africa
76%
PashtoAfghanistan
76%
UrduPakistan
76%
GalicianSpain
74%
TamilIndia
74%
MalagasyMadagascar
71%
AmharicEthiopia
68%
GujaratiIndia
68%
IgboNigeria
68%
XhosaSouth Africa
63%
YiddishGermany
63%
HmongChina
61%
MarathiIndia
61%
SwahiliTanzania
61%
SinhalaSri Lanka
58%
YorubaNigeria
58%
HausaNigeria
58%
TeluguIndia
58%
SundaneseIndonesia
55%
FrisianNetherlands
55%
CebuanoPhilippines
55%
KannadaIndia
53%
SindhiPakistan
47%
MalayalamIndia
47%
ShonaZimbabwe
45%
ChichewaMalawi
34%
EsperantoPoland
18%

Score Distribution

Percentile by Number Answered

Percent of People with Each Score

Your Score History

You have not taken this quiz